Central Library OPAC University of Rajshahi

Imaging : (Record no. 11)

MARC details
000 -LEADER
fixed length control field 01011cam a22002894a 4500
001 - CONTROL NUMBER
control field 11
003 - CONTROL NUMBER IDENTIFIER
rucl marc code BD-RjUL
005 - DATE AND TIME OF LATEST TRANSACTION
control field 20211208233106.0
008 - FIXED-LENGTH DATA ELEMENTS--GENERAL INFORMATION
fixed length control field 140624s2011 nyua b 001 0 eng
020 ## - INTERNATIONAL STANDARD BOOK NUMBER
International Standard Book Number 9780879699352 (hardcover : alk. paper)
International Standard Book Number 9780879699369 (pbk. : alk. paper)
035 ## - SYSTEM CONTROL NUMBER
System control number (DNLM)101532311
-- (BD-RjUL)13
040 ## - CATALOGING SOURCE
Original cataloging agency DNLM/DLC
Transcribing agency DLC
Modifying agency DLC
-- BD-RjUL
Language of cataloging eng
041 ## - LANGUAGE CODE
Language code of text/sound track or separate title eng
060 10 - NATIONAL LIBRARY OF MEDICINE CALL NUMBER
Classification number WN 25
Item number I31 2011
082 00 - DEWEY DECIMAL CLASSIFICATION NUMBER
Classification number 616.0754
Edition number 22
Author mark and year IMA 2011
245 00 - TITLE STATEMENT
Title Imaging :
Remainder of title a laboratory manual /
Statement of responsibility, etc. editor and series editor Rafael Yuste.
260 ## - PUBLICATION, DISTRIBUTION, ETC. (IMPRINT)
Place of publication, distribution, etc. Cold Spring Harbor, N.Y. :
Name of publisher, distributor, etc. Cold Spring Harbor Laboratory Press,
Date of publication, distribution, etc. c2011.
300 ## - PHYSICAL DESCRIPTION
Pagination xvi, 952 p. :
Illustrations ill. (some col.) ;
Size 29 cm.
504 ## - BIBLIOGRAPHY, ETC. NOTE
Bibliography, etc Includes bibliographical references and index.
650 #0 - SUBJECT ADDED ENTRY--TOPICAL TERM
Topical term or geographic name as entry element Diagnostic imaging
Form subdivision Laboratory manuals.
9 (RLIN) 111113
Topical term or geographic name as entry element Diagnostic Imaging
Form subdivision Laboratory Manuals.
9 (RLIN) 111114
700 1# - ADDED ENTRY--PERSONAL NAME
Personal name Yuste, Rafael.
942 ## - ADDED ENTRY ELEMENTS (KOHA)
Source of classification or shelving scheme Dewey Decimal Classification
Koha item type Books
Holdings
Lost status Source of classification or shelving scheme Damaged status Not for loan Permanent Location Current Location Shelving location Date acquired Source of acquisition Cost, normal purchase price Total Checkouts Full call number Date last seen Date checked out Copy number Koha item type
  Dewey Decimal Classification   Not For Loan Central Library, University of Rajshahi Central Library, University of Rajshahi Reading Room 17/02/2013 Trim Education, Dhaka. 13975.00 2 616.0754 IMA 2011 27/06/2014 27/06/2014 C-1 Books